Theory and problems of numerical analysis / (Record no. 10514)
[ view plain ]
| 000 -LEADER | |
|---|---|
| fixed length control field | 00620cam a2200229ua 4500 |
| 020 ## - INTERNATIONAL STANDARD BOOK NUMBER | |
| ISBN | 0-07-099134-0 |
| 041 ## - LANGUAGE CODE | |
| Language code of text/sound track or separate title | eng |
| 082 ## - DEWEY DECIMAL CLASSIFICATION NUMBER | |
| Classification number | 519.4 |
| Item number | SCH/TH |
| 100 ## - MAIN ENTRY--AUTHOR NAME | |
| Personal name | Scheid, Francis . |
| 245 ## - TITLE STATEMENT | |
| Title | Theory and problems of numerical analysis / |
| 250 ## - EDITION STATEMENT | |
| Edition statement | 2 / |
| 260 ## - PUBLICATION, DISTRIBUTION, ETC. (IMPRINT) | |
| Place of publication | Singapore : |
| Name of publisher | McGraw Hill Book Company , |
| Year of publication | 1989. |
| 300 ## - PHYSICAL DESCRIPTION | |
| Number of Pages | 471 : |
| Other physical details | 506 ; . |
| 500 ## - GENERAL NOTE | |
| General note | 18340, 18338, 18341, 18339, CSS |
| 942 ## - ADDED ENTRY ELEMENTS (KOHA) | |
| Koha item type | Books |
| Withdrawn status | Lost status | Damaged status | Home library | Current library | Date acquired | Full call number | Accession Number | Koha item type | Shelving location |
|---|---|---|---|---|---|---|---|---|---|
| KAUAET | KAUAET | 07/04/2012 | 519.4 | 18338 | Books | ||||
| KAUAET | KAUAET | 07/04/2012 | 519.4 | 18339 | Books | ||||
| KAUAET | KAUAET | 07/04/2012 | 519.4 SCH/TH | 18341 | Book Bank scheme for SC students | Scheme | |||
| KAUAET | KAUAET | 07/04/2012 | 519.4 | 18340 | Books |
